| 000 | 00918nam a2200289 a 4500 | ||
|---|---|---|---|
| 001 | 73040 | ||
| 003 | BD-RjUL | ||
| 005 | 20211209082337.0 | ||
| 008 | 170527r19801977enka b 000 0 eng d | ||
| 020 | _a071312654X : | ||
| 035 | _a(BD-RjUL)73258 | ||
| 040 |
_aDLC _cDLC _dBD-RjUL _beng |
||
| 041 | _aeng | ||
| 082 | 0 | 0 |
_223 _a595.799 _bFRS 1980 |
| 100 | 1 |
_aFree, John Brand. _9216037 |
|
| 245 | 1 | 4 |
_aThe social organization of honeybees / _cJohn B. Free. |
| 260 |
_aLondon : _bE. Arnold, _cc1977 [Reprinted 1980] |
||
| 300 |
_a66 p. : _bill. ; _c23 cm. |
||
| 490 | 1 |
_aThe Institute of Biology's studies in biology ; _vno. 81 |
|
| 504 | _aIncludes bibliographies. | ||
| 650 | 0 |
_aHoneybee _xBehavior. _9216038 |
|
| 650 | 0 |
_aInsect societies. _9216039 |
|
| 650 | 0 |
_aInsects _xBehavior. _9216040 |
|
| 830 | 0 |
_aInstitute of Biology's studies in biology ; _vno. 81. _9216042 |
|
| 942 |
_2ddc _cBK |
||
| 999 |
_c73040 _d73040 |
||